000 00994nam a22002657a 4500
003 OSt
005 20251126110502.0
008 251126b |||||||| |||| 00| 0 eng d
020 _a978-0-470-90534-0
040 _aDWC-Main lib.
_cOC
082 _aCirc. 658.3 C533 2011
100 _aWright, Patrick M.
245 _aThe chief HR officer :
_bdefining the new role of human resource leaders/
_cPatrick M. Wright
260 _aSan Francisco, California :
_bJohn Wiley & Sons,
_cc2011.
300 _axxvi, 310 pages ;
_c23 cm.
504 _aIncludes index.
650 _a1. Personnel management.
650 _a2. Personnel departments. I. Wright, Patrick M. II. Boudreau, John W. III. Pace, David A. IV. Sartain, Elizabeth "Libby". V. McKinnon, Paul. VI. Antoine, Richard L.
700 _aBoudreau, John W.
700 _aPace, David A.
700 _aSartain, Elizabeth "Libby"
700 _aMcKinnon, Paul
700 _aAntoine, Richard L.
942 _2ddc
_cBK-CIRC
_kCirc.
_n0
999 _c6376
_d6376